Prénoms masculins les plus populaires en C - Statistiques

Statistiques générales
  • Ce quiz a été pris 609 fois
  • Le résultat moyen est 12 sur 23
Statistiques - réponses
Hint Réponse % Correct
Ch Charles
86%
Ch Chris
79%
Ch Christophe
75%
Co Corentin
74%
Ch Christian
72%
Cl Clément
69%
Cy Cyril
69%
Ch Charlie
65%
Ch Charly
65%
Cl Claude
63%
Cédric
60%
Ca Camille
58%
Cy Cyprien
43%
Ch Christopher
41%
Cl Clovis
41%
Co Colin
36%
Ca Carl
35%
Célestin
30%
Co Côme
28%
Co Constant
28%
Cl Clotaire
25%
César
20%
Célio
17%
Aucun quiz correspondant
Distribution des résultats
% des personnes avec chaque résultat
Percentile par nombre de réponses
Votre historique - résultats
Vous n’avez pas pris ce quiz